[Event "EU-ch 6th"]
[Site "Warsaw"]
[Date "2005.06.18"]
[Round "1"]
[White "L'Ami, Erwin"]
[Black "Nisipeanu, Liviu Dieter"]
[Result "1/2-1/2"]
[WhiteElo "2515"]
[BlackElo "2670"]
[Annotator "Stohl,I"]
[PlyCount "66"]
[EventDate "2005.06.18"]
[EventType "swiss"]
[EventRounds "13"]
[EventCountry "POL"]
[SourceTitle "CBM 108"]
[Source "ChessBase"]
[SourceDate "2005.09.26"]
[SourceVersion "1"]
[SourceVersionDate "2005.09.26"]
[SourceQuality "1"]

1. d4 Nf6 2. c4 c5 3. d5 e5 4. Nc3 d6 5. e4 Be7 6. Nf3 Nbd7 7. Bd3 O-O 8. h3 a6
9. a4 {White's set-up is usually connected with 0-0-0, so he mostly ignores a6
and doesn't weaken his <<.} ({After the immediate} 9. g4 {Black has two
interesting options - he can sacrifice a P immediately, or continue
manouevring:} Re8 {[%csl Rf4][%cal Yd7f8,Yf8g6] /\Nf8-g6,><f4} (9... b5 $5 10.
cxb5 axb5 11. Bxb5 Qa5 12. Nd2 Nb6 13. O-O $6 Bd7 14. Nc4 Qa7 15. Bxd7 Nfxd7
16. Nxb6 Qxb6 17. b3 Rfe8 18. Qc2 Nf8 19. Rb1 Ng6 20. Be3 Qa5 21. a4 Rec8 22.
Rfc1 h6 23. Kh2 Bg5 24. Nb5 Qd8 25. Na3 Qf6 $40 {Crickmore,N-Marin,M/
Castelldefels/2005/}) 10. Be3 Nf8 11. Qd2 Ng6 12. Ne2 b5 $1 13. cxb5 axb5 14.
g5 Nh5 15. Bxb5 Bd7 16. Bc4 Qb8 17. Nc3 Qb4 18. b3 Reb8 19. Qc2 Bd8 20. Bd2 Qb7
21. a4 Qc8 22. O-O-O Nhf4 23. Rdg1 Bxh3 24. Rg3 {Van der Sterren,P-Miles,A/
Adelaide/1986/} Bg2 $1 $36) ({The most flexible continuation is} 9. Qe2 $5 {
and only after} Ne8 (9... Nh5 $5 10. g3 g6 {is perhaps worth trying}) {White
plays} 10. g4 $14 {()|^>>}) 9... Nh5 $1 {[%cal Rh5f4,Yg7g6,Yh5g7] The knight
heads for g7, a typical square in the old Benoni. White also can't quite
ignore the positional threat Nf4.} (9... Rb8 $6 {allows White to turn his
attention to the << and thus justify his previous move, after} 10. a5 b6 11.
axb6 Rxb6 12. b3 Nh5 13. Bc2 $1 g6 14. Bh6 Re8 15. Bd2 Bf8 16. Kf1 Qe7 17. Rb1
Bg7 18. g3 Qf8 19. Kg2 Bh6 20. Ng5 Qg7 21. h4 Nf8 22. Na4 Rb7 23. b4 $1 cxb4
24. Rxb4 Rxb4 25. Bxb4 f6 26. Nf3 Qc7 27. c5 $16 {Yrjola,J-Koskinen,H/Turku/
1988/ he realized both important breaks in a model way.}) 10. Ne2 g6 11. g4 Ng7
12. Bh6 (12. Ng3 $142 Kh8 (12... Nf6 13. Be3 Bd7 14. Qd2 a5 $5 (14... Kh8 $13)
15. Bh6 Kh8 16. Qc2 Ng8 17. Be3 Qe8 18. Nd2 Bh4 19. b3 $11 {1/2,Savon,V-Hort,V/
Oerebro/1966/}) 13. Be3 Nf6 14. Qc2 Ng8 15. Ke2 Bd7 $13 {Here we get the
position from our game with White's move, nevertheless it's still not so clear
- White has exposed himself on both flanks and his K in the [+] can be
vulnerable once Black manages to open the position with b5 or f5 (or even both
moves).} 16. b4 $6 (16. a5 $142 f5 $132) 16... cxb4 17. a5 f5 $1 18. gxf5 gxf5
19. exf5 Bh4 20. Ne4 Nxf5 21. Rag1 Nf6 22. Bb6 Qe8 (22... Qe7 $5 $15) 23. Nxh4
Nxh4 24. Nxd6 Qh5+ 25. Kf1 Rg8 26. Be2 Rxg1+ 27. Rxg1 Bxh3+ 28. Ke1 Bg4 {
Lautier,J-Nisipeanu,L/FRA-chT Noyon/2005/} 29. Bxg4 Nxg4 30. Qe2 $14) 12... Nf6
13. Ng3 Kh8 14. Qc2 Bd7 15. Ke2 $146 (15. a5 Ng8 16. Be3 Qc8 (16... f5 17. exf5
gxf5 18. gxf5 Bh4 19. Nxh4 Qxh4 20. Rb1 $5 $36) 17. Ke2 f5 18. gxf5 gxf5 19.
exf5 Nxf5 20. Nxf5 Bxf5 21. Rag1 Bxd3+ 22. Qxd3 Qe8 23. Qe4 (23. Nd2 $5) 23...
Nf6 24. Qh4 Nh5 25. Qg4 Qf7 26. Nd2 Rae8 27. Ne4 Nf6 28. Nxf6 Qxf6 29. Qe4 Bd8
$132 {Petursson,M-Miles,A/New York/1987/}) 15... Ng8 16. Be3 f5 $5 {Having an
extra move, Nisipeanu follows his game against Lautier without any qualms.} (
16... Qc8 $13) 17. exf5 gxf5 18. gxf5 Bh4 (18... Qc8 19. Nd2 (19. Rag1 b5 $5 {
/\} 20. axb5 axb5 21. cxb5 Qb7 $15) 19... Bh4 20. Nde4 Bxg3 21. fxg3 Nxf5 22.
g4 Nxe3 23. Kxe3 Qc7 24. Raf1 b5 $13) ({More ambitious and possibly even
objectively better was} 18... b5 $5 $44) 19. Rhg1 (19. Nxh4 Qxh4 20. Kd2 $5 (
20. Rag1 Nxf5 $1 21. Bxf5 Bxf5 22. Nxf5 Qh5+ 23. Kd2 Rxf5 $11 {/=/+}) 20... Ne7
(20... Nf6 21. a5 $5 Rae8 22. Rag1 $14) 21. f6 $1 Rxf6 22. Ne4 Rg6 $13 23. Ng3
Rf6 24. Ne4 $11) 19... Bxg3 20. Rxg3 (20. fxg3 Nxf5 $36) 20... Nxf5 21. Bxf5
Bxf5 22. Qc3 Nf6 23. Bh6 Ne4 {This allows simplification and leads to
approximate equality.} ({Black could have fought on with} 23... Rg8 $5 24. Bg5
Qf8 $15) 24. Bg7+ Kg8 25. Bxf8+ Nxg3+ (25... Kxf8 26. Qe3 Nxg3+ 27. fxg3 $36 {
[%csl Rf8] עf8}) 26. fxg3 Qxf8 27. g4 Bd3+ $5 (27... Be4 28. Nd2 {[%cal Ya1f1]
/\Rf1=}) (27... Bg6 28. Qe3 b5 29. axb5 axb5 30. Rxa8 Qxa8 31. b3 $11) 28. Qxd3
$8 (28. Ke3 $2 e4 29. Ng1 Qh6+ $19) 28... e4 29. Qe3 (29. Qxe4 $2 Re8 30. Qxe8
Qxe8+ 31. Kf2 Qe4 $17) 29... exf3+ 30. Kf2 Re8 31. Qg5+ Kh8 32. Re1 $1 $11 Rxe1
33. Kxe1 Qe8+ {Black must support his o^, but this in turn exposes his K to a
perpetual:} (33... Qe8+ 34. Kf2 (34. Kd2 $2 Qe2+ 35. Kc3 f2 $19) 34... Qe2+ 35.
Kg3 Qg2+ (35... f2 36. Qf6+ Kg8 37. Qg5+ Kf7 38. Qf5+ $11 Ke8 $2 39. Qxf2 Qxc4
40. Qe3+ $16) 36. Kh4 f2 37. Qf6+ Kg8 38. Qe6+ Kg7 (38... Kf8 39. Qxd6+ Ke8 40.
Qe6+ Kd8 $2 41. d6 $18) 39. Qe7+ $11) 1/2-1/2

[Event "FRA-chT Top 16 GpB"]
[Site "Port Barcares"]
[Date "2005.05.04"]
[Round "8"]
[White "Kazhgaleyev, Murtas"]
[Black "Nisipeanu, Liviu Dieter"]
[Result "0-1"]
[WhiteElo "2600"]
[BlackElo "2670"]
[Annotator "Stohl,I"]
[PlyCount "64"]
[EventDate "2005.05.04"]
[EventType "team"]
[EventRounds "11"]
[EventCountry "FRA"]
[SourceTitle "CBM 107"]
[Source "ChessBase"]
[SourceDate "2005.08.01"]
[SourceVersion "1"]
[SourceVersionDate "2005.08.01"]
[SourceQuality "1"]

1. d4 Nf6 2. c4 c5 3. d5 e5 {Nisipeanu has recently taken up the Old Benoni
with some success. Black's position is passive, but solid and offers
counterattacking chances. Probably a good choice nowadays, when even strong
players have little time to learn much about strategy, but must devote all
their energy to keep up to date in their Najdorf and/or Sveshnikov.} 4. Nc3 d6
5. e4 Be7 6. h3 (6. Bd3 Nbd7 7. Nge2 (7. Nf3 $142 $14) 7... g6 8. Bh6 (8. f3
Nh5 9. Be3 Bg5 10. Qd2 Bxe3 11. Qxe3 a6 12. h4 Qf6 13. g3 O-O 14. O-O-O Rb8 15.
f4 exf4 16. gxf4 Re8 17. e5 $5 dxe5 18. Ne4 Qe7 19. f5 {Harikrishna,P-Sahu,S/
New Delhi/2001/} gxf5 $5 $132) 8... Ng4 9. Bd2 h5 10. f3 Ngf6 11. Qc2 h4 12.
O-O-O Kf8 13. g3 a6 14. f4 Ng4 15. Rdf1 hxg3 16. hxg3 Kg7 17. Nd1 b5 18. b3
bxc4 19. bxc4 Rb8 20. Nec3 Ndf6 21. Rxh8 Qxh8 22. Be2 Qh3 23. Qd3 Nh5 $36 {
Pedersen,S-Nisipeanu,L/Bundesliga 0405/2005/}) 6... Nbd7 7. Be3 {At this point
it's difficult to say if this is the ideal square for the B. Although the
statistics speak for the text-move, more usual and probably better
alternatives are} (7. Nf3 $14) ({and} 7. Bd3 $14) 7... h5 $5 {Black, just as
in Nisipeanu's game above, doesn't castle to make it more difficult for White
to direct his attack. A similar idea of playing on the >> without committing
his K is} (7... Nf8 8. g3 h5 9. Nge2 (9. h4 $5 {[%cal Yf2f3,Yf1h3] /\f3,Bh3+/=}
) 9... h4 10. g4 Ng6 11. Nc1 Nh7 12. Nd3 O-O $5 {With the >> already blockaded
Black can afford this.} 13. Be2 Bg5 14. Qd2 Qf6 15. Rb1 Bf4 16. O-O Ng5 17. Kg2
Bd7 18. Bxf4 Nxf4+ 19. Nxf4 exf4 20. f3 Qe5 21. Bd3 Nh7 22. Ne2 g5 23. Qc3 Qxc3
24. Nxc3 Rfc8 25. Bc2 Kg7 26. Rfe1 f6 27. Ba4 Bxa4 28. Nxa4 Nf8 $11 {Jesic,
D-Miladinovic,I/YUG-chT Cetinje/1993/}) 8. Bd3 {White has two more effective
methods how to fight with Black's plan.} (8. Nf3 h4 9. Be2 $5 (9. Qd2 Nf8 10.
O-O-O Ng6 11. g3 Bd7 12. Kb1 a6 13. Nxh4 Nxh4 14. gxh4 Rxh4 15. f4 Ng4 $1 16.
Bxc5 dxc5 17. Rg1 {Irzhanov,R-Dyachkov,S/WChJ Halle/1995/} exf4 $1 $36) 9...
Nf8 10. O-O Ng6 11. a3 $14 Nh5 $6 12. Nxe5 $1 Nxe5 13. Bxh5 Nxc4 14. Qa4+ Kf8
15. Qxc4 Rxh5 16. f4 Rh6 17. e5 Bf5 18. Rad1 $36 {[%csl Gd5,Ge5,Gf4] [+],
Poecksteiner,J-Miltner,A/Luxembourg/1981/}) (8. g3 $5 Nf8 {-7...Nf8} (8... h4
9. Nf3 Nh5 10. Nxh4 Bxh4 11. gxh4 Qxh4 12. Nb5 Ke7 13. Rg1 Ndf6 14. b4 $5 $36))
8... h4 {[%csl Gh4] ()>> Black controls the >> dark squares, which makes it
difficult for White to develop any activity on this part of the board.} 9. Nf3
$146 {Natural enough, but the N will have only little perspective on this
square.} (9. Qd2 Nh5 10. Nge2 Nf8 11. Rb1 Ng6 12. O-O Bf6 13. Nd1 {1/2,Khenkin,
I-Rotstein,A/Bolzano op/2000/} Ngf4 $5 14. Nxf4 exf4 15. Bxf4 Nxf4 16. Qxf4 Be5
$44) 9... Nh5 10. Ne2 Nf8 11. Qd2 a6 12. O-O-O $6 {[%mdl 16384] White commits
his K, but after the N has left c3 it will be easier for Black to get in b5.} (
12. g4 hxg3 13. fxg3 Nf6 $1 14. h4 (14. Nh4 $2 Nxe4 $1 15. Bxe4 Bxh4 $17) (14.
b4 b6 $5 $15) 14... Ng4 $36 {[%csl Gg4] ><g4}) (12. b4 $142 $5 b6 13. Bc2 Bd7
$13 {As in Khenkin-Rotstein, White probably should have turned his attention
to the << - it's logical after Black has started to manoeuvre on the >>.})
12... Nf6 $1 {The N returns to stop White's >> activity.} (12... Ng6 13. g4 $5
(13. Kb1 Nf6 {-12...Nf6}) 13... hxg3 14. fxg3 Nf6 (14... b5 $5 15. cxb5 axb5
16. Bxb5+ Bd7 $44) 15. g4 b5 $13) 13. Kb1 Ng6 14. Nh2 {White seeks some
concrete play, but Black is well prepared.} (14. Nc3 Bd7 $15) (14. Ng5 Rb8 $15)
14... Rb8 15. f4 {White never gets any effective pressure in the [+], while
Black quickly launches an overwhelming attack.} (15. Nc3 Bd7 {[%cal Rb7b5] /
\b5|^}) 15... exf4 16. Bxf4 (16. Nxf4 Ne5 17. Nf3 b5 $1 $36 (17... Nfd7 $15))
16... b5 $1 $40 {[%mdl 128]} 17. cxb5 {Gives Black a dangerous P phalanx, but
White can't keep the tension too long:} (17. Qc2 Nxf4 18. Nxf4 Qb6 $5 $36 {/\}
19. Rhe1 (19. Nf3 bxc4 20. Bxc4 Nxe4 $17) 19... g5 $1 20. Ne2 bxc4 $17) 17...
axb5 18. Nf3 Nd7 19. Bh2 (19. Bc2 Nxf4 20. Qxf4 Qc7 {[%cal Ye7f6] /\Bf6-/+}) (
19. Rhf1 O-O $36 (19... Nge5 $5) (19... Nxf4 20. Qxf4 Bf6 $5 21. Qxd6 Rb6 22.
Qf4 Qe7 $44)) 19... Nde5 20. Nf4 (20. Nxe5 Nxe5 (20... dxe5 $5) 21. Bxe5 dxe5 {
[%cal Ye7d6,Yc8d7,Yc5c4,Yb5b4] /\Bd6,Bd7,c4,b4->} 22. d6 Bf6 $17 {also doesn't
fully solve White's problems, Black threatens to gradually encircle the Pd6.})
20... Nxf4 (20... Nxf3 21. gxf3 Bg5 22. Rhg1 {[%cal Rg1g5] /\Rg5<=>}) 21. Bxf4
Nxd3 $1 {Black doesn't insist on retaining his e5-outpost anymore. He wants to
finish his development and quickly use the <->a for his ->.} 22. Qxd3 O-O 23.
e5 Ra8 $1 {[%cal Rd8a5,Rc5c4] /\Qa5,c4} (23... g6 $2 24. e6 $1 $13) 24. exd6 (
24. Qxb5 $2 Bf5+ 25. Ka1 Rxa2+ $1 26. Kxa2 Qa8+ 27. Kb3 Rb8 28. Qxb8+ Qxb8+ 29.
Ka2 Qa7+ 30. Kb3 Qb6+ 31. Ka2 Qa5+ 32. Kb3 Qb4+ 33. Ka2 Qa4#) (24. e6 $2 fxe6
$19 {[%cal Re6e5,Rc8f5] /\e5,Bf5}) (24. Rhe1 Qa5 25. a3 c4 26. Qc2 b4 27. exd6
Bf6 28. Be5 (28. Re3 b3 $1 29. Qxc4 Bf5+ $19) 28... bxa3 $5 29. Bxf6 gxf6 $19 {
->}) 24... Bf6 $1 (24... Bxd6 $2 25. Bxd6 Qxd6 26. Nxh4 $15) 25. Be5 g6 {
[%cal Rc8f5] /\Bf5} 26. Ka1 (26. Bxf6 Qxf6 27. Qc3 Bf5+ 28. Ka1 Rxa2+ 29. Kxa2
Ra8+ 30. Qa3 (30. Kb3 c4+ 31. Kb4 Qxd6+ 32. Kxb5 Rc8 $19) 30... Rxa3+ 31. bxa3
Qc3 $19) 26... Bf5 27. Qc3 (27. Qxb5 Rxa2+ $1 28. Kxa2 Qa8+ 29. Kb3 Rb8 $19)
27... Bxe5 28. Nxe5 $8 (28. Qxe5 Rxa2+ 29. Kxa2 Qa5+ 30. Kb3 c4#) 28... Qxd6
$19 {[%csl Ra2][%cal Ga8a1] The threats on the <->a are decisive.} 29. Nc6 $6 (
29. Rhe1 $142 Rxa2+ (29... f6 $17) 30. Kxa2 Ra8+ 31. Qa3 (31. Kb3 c4+ 32. Nxc4
bxc4+ 33. Qxc4 Qb8+ 34. Qb4 Qd8 $40) 31... Rxa3+ 32. bxa3 f6 33. Nc6 Bd7 $19) (
29. a3 b4 $19) 29... Rxa2+ $1 {Now Black quickly mates.} 30. Kxa2 Ra8+ 31. Na5
(31. Qa3 Rxa3+ 32. Kxa3 (32. bxa3 Be4 $19) 32... Qg3+ 33. b3 Bc2 $19) 31... b4
32. Qc1 (32. Qc4 Rxa5+ 33. Kb3 Qg3+) (32. Qe3 Rxa5+ 33. Kb3 Qd7 $1 $19) 32...
b3+ $1 (32... b3+ 33. Kxb3 Qb6+ 34. Kc3 (34. Ka2 Rxa5#) 34... Qb4#) 0-1

[Event "Capablanca Memorial Premier 33rd"]
[Site "Havana"]
[Date "1998.05.10"]
[Round "4"]
[White "Rivera, Alberto"]
[Black "Bellon Lopez, Juan Manuel"]
[Result "1-0"]
[WhiteElo "2415"]
[BlackElo "2455"]
[Annotator "Stohl,I"]
[PlyCount "83"]
[EventDate "1998.05.07"]
[EventType "tourn"]
[EventRounds "13"]
[EventCountry "CUB"]
[EventCategory "8"]
[SourceTitle "CBM 065"]
[Source "ChessBase"]
[SourceDate "1998.08.06"]
[SourceVersion "1"]
[SourceVersionDate "1998.08.06"]
[SourceQuality "1"]

1. d4 c5 2. d5 Nf6 3. Nf3 d6 4. c4 (4. Nc3 g6 5. e4 Bg7 6. Bb5+ $5 {is also a
good try to gain the advantage.}) 4... e5 5. Nc3 Be7 6. e4 O-O (6... Nbd7 7.
Be2 O-O 8. O-O Ne8 9. Ne1 (9. a3 b6 10. b4 g6 11. Ne1 Bg5 12. Bb2 f5 13. Nd3
Ng7 14. g3 a6 15. Bf3 Nf6 16. Bg2 fxe4 17. Nxe4 Nxe4 18. Bxe4 Bh3 19. Re1 Nf5
20. Bxf5 Bxf5 $36 {Marchand,F-Vaisman,V/FRA-chT Clermont-Ferrand/1998/}) 9...
g6 10. f4 exf4 11. Bxf4 Bf6 12. Nf3 Qe7 13. Qc2 Ne5 14. Rae1 Nxf3+ 15. Bxf3 Be5
16. Qd2 Bd7 17. Bg5 f6 18. Be3 a6 19. Rb1 $13 {Lotfy,A-Amin,A/Cairo op/1998/})
7. Be2 {White decides to play a quiet line and is satisfied with a small but
permanent advantage. This is due to more space, which gives him chances to
play actively on both flanks in a position with a blockaded [+] pawn structure.
} (7. h3 Ne8 8. Bd3 {is more ambitious.}) 7... Ne8 (7... Na6 8. O-O Nc7 9. Ne1
a6 10. a4 Rb8 11. g3 Bh3 12. Ng2 Nd7 13. Bg4 Bxg4 14. Qxg4 b5 15. axb5 axb5 16.
b3 Kh8 17. Ne3 g6 18. Ra7 Nf6 $132 {Belunek,V-Biolek,R/MOR-chT/1998/}) (7...
Nbd7 8. O-O Ne8 9. Ne1 Bg5 10. Nd3 a6 11. a3 Rb8 12. b4 Bxc1 13. Rxc1 b6 14. b5
axb5 $6 (14... a5 $11) 15. cxb5 Ra8 16. a4 g6 17. Nb2 f5 18. f3 Ndf6 19. Nc4
Nh5 20. g3 Neg7 21. a5 bxa5 22. Na4 Rb8 23. Rb1 $44 {Karanikolas,K-Skembris,S/
GRE-chTPoros/1998/}) 8. O-O Bg4 $5 9. Ne1 Bxe2 10. Qxe2 Bg5 11. Nd3 Bxc1 12.
Raxc1 Nd7 13. g3 $14 {() Despite the exchange of both bad B White maintains
some pressure.} (13. f4 exf4 14. e5 Nxe5 15. Nxe5 dxe5 16. Qxe5 {1/2,Majer,
D-Schmidle,T/Kassel op/1994/} Nd6 17. Qxf4 Re8 $11) (13. a3 g6 14. b4 (14. Qe3
Qe7 15. b4 b6 16. g3 Ng7 17. f4 f5 18. bxc5 bxc5 19. Rb1 Rab8 20. Qe2 Rfc8 21.
Nf2 Qf6 22. Rxb8 Rxb8 23. exf5 Nxf5 24. Nfe4 Qe7 25. Qg4 {Krueger,E-Schmidt,V/
NRW-I/1988/} Nf6 $132) 14... cxb4 15. axb4 a5 16. bxa5 Qxa5 17. Qb2 Qa3 18.
Qxb7 Nef6 19. Qb2 Qxb2 20. Nxb2 Rfb8 21. Rc2 Ra3 22. Nb5 Ra2 23. f3 Kf8 24.
Rfc1 Nc5 25. Nd1 Ra5 26. Ndc3 $14 {Jangel,A-Petrushina,N/RUS-chW/1996/}) 13...
Qe7 14. f4 g6 (14... exf4 $143 15. gxf4 g6 (15... f6 16. f5 $1 $16 {[%cal
Rd3f4,Rf4e6] /\Nf4-e6->}) 16. Rce1 Ng7 17. Qg4 $36 (17. e5 Nf5 $132)) 15. Rce1
a6 16. a4 Ng7 (16... Nc7 $5 $14 {[%cal Yb7b5] /\b5<=>}) 17. f5 Qg5 18. Qe3 (18.
Qf3 $142 $5 {[%cal Rh2h4]} Nf6 19. Nf2 $36 {/\h4}) 18... Qxe3+ 19. Rxe3 f6 (
19... gxf5 20. exf5 Nf6 21. Nf2 $1 {[%cal Rf2e4] /\Nfe4+/-} Nxf5 $2 22. Rf3 $18
) (19... h5 20. f6 $5 (20. h4 Nf6 21. Nf2 Nge8 $132) 20... Ne8 21. Ref3 $14 {()
}) 20. g4 g5 $5 (20... Kf7 $143 21. Rh3 Rh8 22. Rh6 Rag8 23. Rf3 Ne8 24. Rfh3
Kg7 25. a5 $36) 21. h4 Kf7 $6 $146 {Surprisingly this position is not new.} (
21... h6 22. Kf2 Kf7 23. Rh3 Rg8 {1/2,Safjanovskij,M-Cibulka,V/SVK-chT/1994/}
24. a5 $5 $14 {[%cal Yb2b4,Gh1h8] White is still somewhat better. He can
combine the permanent threat of penetration via the h-file withe play on the
<< (b4). Nevertheless, Black's defensive task would have been much easier.})
22. Rh3 (22. hxg5 $142 fxg5 23. Rh3 Nf6 24. Rh6 $5 $36) 22... Rh8 (22... h6
$142 $14) 23. hxg5 fxg5 24. Rh6 $1 $40 {[%csl Gh6] After mutual slips White
gets the right idea. He penetrates with the Kamikaze R, which exerts
tremendous pressure on Black's position and is ready to sacrifice itself. From
now on White's strategy is model and he maintains the pressure to the end.} Nf6
25. Rf3 Rad8 (25... Nxg4 $2 26. Rxd6 $18 {[%csl Rb7,Rc5,Re5] ><e5,c5,b7}) 26.
Nf2 Ng8 (26... Rdg8 $142 27. a5 $1 $16 {[%cal Yc3a4,Yf3b3] /\Na4,Rb3} (27. Nh3
$143 $6 Nge8 {[%cal Rf7g7] /\Kg7})) 27. Re6 $1 Nf6 (27... Nxe6 28. dxe6+ Kg7
29. Nd5 $18) 28. Rg3 (28. a5 $5 $40) 28... h6 (28... h5 29. Nh3 $1 $18) 29. a5
$1 Nxe6 {Black can hardly suffer the intruder any longer.} 30. dxe6+ Kg7 (30...
Ke7 31. Nd5+ Nxd5 32. exd5 {[%cal Rf2e4,Rg3b3] /\Ne4,Rb3+-}) 31. Nd5 Rb8 32.
Rb3 b5 $5 (32... Rhd8 33. Rb6 {/\Nf6,Nd1-e3-d5} Ng8 34. Nd1 $22 $18) 33. axb6
Rb7 34. Nxf6 Kxf6 35. Nd1 $18 h5 36. Ne3 hxg4 37. Nd5+ Kg7 38. Rg3 (38. f6+ Kg6
39. f7 $18) 38... Rh4 39. f6+ Kg6 40. f7 Kg7 41. Rg2 $1 Rh3 (41... a5 42. Rf2
Rh8 43. e7 $18) 42. Rxg4 (42. Rf2 Rf3 43. Rxf3 gxf3 44. Nf6 $1 {[%cal Rf6d7] /
\Nd7+-}) 1-0